| 000 | 01396nam0a2200349 i 4500 | ||
|---|---|---|---|
| 001 | RU\NLR\BIBL_A\010022558 | ||
| 005 | 20260405085924.0 | ||
| 010 |
_a9785990239388 _9300 |
||
| 021 |
_aRU _b2013-94051 _96523 |
||
| 035 | _a(NILC)RuMoRGB-006700855 | ||
| 035 | _a(NLR Aleph) 010022558 | ||
| 090 |
_a9908817 _c9908817 |
||
| 100 | _a20140117d2013 k y0rusy50 ca | ||
| 101 | 0 | _arus | |
| 102 | _aRU | ||
| 105 | _aa|||z|||000yb | ||
| 200 | 1 |
_aВиталий Линденбратен - лабиринты судьбы _fФ. С. Жарская |
|
| 210 |
_aХабаровск _cПлатина-Хабаровск _d2013 |
||
| 215 |
_a309, [2] с. _cил., портр., факс. _d22 |
||
| 300 | _aНа 4-й с. обл. авт.: Ф.С. Жарская, к.м.н. | ||
| 600 | 1 |
_aЛинденбратен _bВ. Д. _f1925–2009 _gВиталий Давидович _92200244 _3RU\NLR\AUTH\6601557134 |
|
| 675 | _a61(571.6)(092) | ||
| 686 | 1 | _aЧ488.94(2Р)7-8Линденбратен | |
| 686 | 1 | _aР.г(2)7д Линденбратен | |
| 700 | 1 |
_aЖарская _bФ. С. _gФаина Сергеевна |
|
| 702 | 1 |
_4570 _8rus _7ca _aЛинденбратен _bВ. Д. _f1925- _gВиталий Давидович _3RU\NLR\AUTH\7731753 _914763 |
|
| 801 | 0 |
_aRU _bRuMoRKP _c20131121 _gRCR |
|
| 801 | 2 |
_aRU _bРГБ _c20131205 _grcr |
|
| 942 | _cBOOK | ||
| 980 | _aNBR | ||